书目信息 |
| 题名: |
弦音回响
|
|
| 作者: | 蒋雄达 著 | |
| 分册: | ||
| 出版信息: | 北京 人民音乐出版社 2006 |
|
| 页数: | 162页 | |
| 开本: | 21cm | |
| 丛书名: | ||
| 单 册: | ||
| 中图分类: | J622.16 | |
| 科图分类: | ||
| 主题词: | 小提琴--奏法 , 小提琴 , 奏法 | |
| 电子资源: | ||
| ISBN: | 7-103-03057-X | |
| 000 | 00894nam0 2200253 450 | |
| 001 | 003100041 | |
| 005 | 20070807084200.68 | |
| 010 | @a7-103-03057-X@dCNY18.00 | |
| 100 | @a20060124d2006 em y0chiy0110 ea | |
| 101 | 0 | @achi |
| 102 | @aCN@b110000 | |
| 105 | @aa z 000yd | |
| 200 | 1 | @a弦音回响@9xian yin hui xiang@e小提琴学习与演奏知识综述@f蒋雄达著 |
| 210 | @a北京@c人民音乐出版社@d2006 | |
| 215 | @a162页@c照片,图@d21cm | |
| 330 | @a本书包括小提琴的学习与演奏、小提琴作品的主要体裁、著有辉煌旋律的部分小提琴大师、迈向新世纪的部分小提琴演奏名家、当今世界重大的国际小提琴比赛、乐评等内容。 | |
| 517 | 1 | @a小提琴学习与演奏知识综述@9xiao ti qin xue xi yu yan zou zhi shi zong shu |
| 606 | 0 | @a小提琴@x奏法 |
| 606 | 0 | @a小提琴 |
| 606 | 0 | @a奏法 |
| 690 | @aJ622.16@v4 | |
| 701 | 0 | @a蒋雄达@9jiang xiong da@f(1937.6~)@4著 |
| 801 | 0 | @aCN@bNLC@c20070807 |
| 905 | @a10447@dJ622.16@e210 | |
| 弦音回响:小提琴学习与演奏知识综述/蒋雄达著.-北京:人民音乐出版社,2006 |
| 162页:照片,图;21cm |
| ISBN 7-103-03057-X:CNY18.00 |
| 本书包括小提琴的学习与演奏、小提琴作品的主要体裁、著有辉煌旋律的部分小提琴大师、迈向新世纪的部分小提琴演奏名家、当今世界重大的国际小提琴比赛、乐评等内容。 |
| ● |
| 相关链接 |
|
|
|
|
正题名:弦音回响
索取号:J622.16/210
 
预约/预借
| 序号 | 登录号 | 条形码 | 馆藏地/架位号 | 状态 | 备注 |
| 1 | 0802770 | 208027703 | 第一样本阅览室/ [索取号:J622.16/210] | 在馆 | |
| 2 | 0802771 | 208027712 | 第一借阅区/ [索取号:J622.16/210] | 在馆 | |
| 3 | 0802772 | 208027721 | 第一借阅区/ [索取号:J622.16/210] | 在馆 | |
| 4 | 0802773 | 208027730 | 第一借阅区/ [索取号:J622.16/210] | 在馆 | |
| 5 | 0802774 | 208027749 | 音乐系资料室/ [索取号:J622.16/210] | 在馆 |